| 000 | 01095nam a22003617a 4500 | ||
|---|---|---|---|
| 001 | BR8304564 | ||
| 003 | BR-BrBNA | ||
| 005 | 20230928091727.0 | ||
| 007 | ta | ||
| 008 | 230509b bl.||||| |||| 00| 0 por d | ||
| 040 |
_aBR-BrBNA _bpor _cBiblioteca Nacional de Agricultura |
||
| 041 | _a(Por) | ||
| 072 |
_aE30; P10 _b/G514 _b/GZ12 |
||
| 090 | _ E30 BR8304564 | ||
| 110 | 1 | _aDepartamento Nacional de Obras Contra as Secas, Fortaleza, CE (Brasil) | |
| 245 | 1 | _aO papel do Departamento Nacional de Obras Contra as Secas no semi-arido nordestino [politica agricola, recurso hidrico, Brasil] | |
| 260 | 3 |
_aFortaleza, CE (Brasil): _c1983. |
|
| 300 | _a87 p. | ||
| 500 | _a12 illus. | ||
| 650 | _aRECURSO HIDRICO | ||
| 650 | _aPOLITICA GOVERNAMENTAL | ||
| 650 | _aPROJETO DE DESENVOLVIMENTO | ||
| 650 | _aDIRETRIZ | ||
| 650 | _aRESERVATORIO DE AGUA | ||
| 650 | _aABASTECIMENTO DE AGUA | ||
| 650 | _aACUDE | ||
| 650 | _aIRRIGACAO | ||
| 650 | _aPISCICULTURA | ||
| 650 | _aZONA SEMI-ARIDA | ||
| 650 | _aREGIAO NORDESTE | ||
| 909 |
_a202309 _bLucia _c55 _dLucia Elande |
||
| 942 | _cBK | ||
| 999 |
_c35207 _d35207 |
||